000 00798cam a2200241 i 4500
999 _c57927
_d57927
001 17642745
005 20221114111828.0
008 130301s2013 coua b 001 0 eng
010 _a 2013003569
020 _a9780813348988x
041 _aeng
080 _a327 M-10
100 1 _aMcCormick, John
_d
_910978
245 1 4 _aThe European Union :
_bpolitics and policies /
_cJohn McCormick, John Spencer Olsen.
250 _aFifth edition.
264 1 _aBoulder, Colo. :
_bWestview Press,
_c[2014].
300 _axxiv, 374 pages :
_billustrations ;
_c23 cm.
504 _aIncludes bibliographical references and index.
653 _aThe European Union : Politics and Policie
653 _aპოლიტიკა
700 _aOlsen, Jonathan
_cავტორი
_910980
942 _2udc
_cBK